| 000 | 00641nam a2200229Ia 4500 | ||
|---|---|---|---|
| 005 | 20260320201930.0 | ||
| 008 | 008 262003s9999 xx 000 0 eng d | ||
| 037 | _aEBOOK | ||
| 040 | _aCRL | ||
| 040 | _beng | ||
| 040 | _cCRL | ||
| 041 | _2eng | ||
| 041 | _aeng | ||
| 084 | _qCRL | ||
| 100 |
_aBierer _91136345 |
||
| 245 | 0 | _aPHP 8 Programming Tips, Tricks and Best Practices: A practical guide to PHP 8 features, usage changes, and advanced programming techniques | |
| 260 | _bIEEE | ||
| 856 | _uhttps://ieeexplore.ieee.org/servlet/opac?bknumber=10162365 | ||
| 942 | _cEBOOK | ||
| 999 |
_c1724355 _d1724355 |
||